Wisdom and destiny / (Record no. 31933)
[ view plain ]
| 000 -LEADER | |
|---|---|
| fixed length control field | 00759cam a2200265u 4500 |
| 001 - CONTROL NUMBER | |
| control field | 31933 |
| 003 - CONTROL NUMBER IDENTIFIER | |
| rucl marc code | BD-RjUL |
| 005 - DATE AND TIME OF LATEST TRANSACTION | |
| control field | 20211209051752.0 |
| 008 - FIXED-LENGTH DATA ELEMENTS--GENERAL INFORMATION | |
| fixed length control field | 140423s1898 enk 000 0 eng |
| 035 ## - SYSTEM CONTROL NUMBER | |
| System control number | (BD-RjUL)32022 |
| 040 ## - CATALOGING SOURCE | |
| Original cataloging agency | DLC |
| Transcribing agency | DLC |
| Language of cataloging | eng |
| 041 ## - LANGUAGE CODE | |
| Language code of text/sound track or separate title | eng |
| 082 ## - DEWEY DECIMAL CLASSIFICATION NUMBER | |
| Classification number | 149.8 |
| Author mark and year | MAW 1902 |
| 100 1# - MAIN ENTRY--PERSONAL NAME | |
| Personal name | Maeterlinck, Maurice, |
| Dates associated with a name | 1862-1949. |
| 9 (RLIN) | 43440 |
| 245 10 - TITLE STATEMENT | |
| Title | Wisdom and destiny / |
| Statement of responsibility, etc. | Translated by Alfred sutro |
| 260 ## - PUBLICATION, DISTRIBUTION, ETC. (IMPRINT) | |
| Place of publication, distribution, etc. | London : |
| Name of publisher, distributor, etc. | George Allen, |
| Date of publication, distribution, etc. | 1898. |
| 300 ## - PHYSICAL DESCRIPTION | |
| Pagination | xxi, 353 p. ; |
| Size | 19 cm. |
| 650 ## - SUBJECT ADDED ENTRY--TOPICAL TERM | |
| Topical term or geographic name as entry element | Fate and fatalism. |
| 9 (RLIN) | 97272 |
| Topical term or geographic name as entry element | Wisdom. |
| 9 (RLIN) | 3295 |
| 700 1# - ADDED ENTRY--PERSONAL NAME | |
| Personal name | Sutro, Alfred, |
| Dates associated with a name | 1863- [from old catalog] |
| Relator term | tr. |
| 942 ## - ADDED ENTRY ELEMENTS (KOHA) | |
| Source of classification or shelving scheme | Dewey Decimal Classification |
| Koha item type | Books |
| Lost status | Source of classification or shelving scheme | Damaged status | Not for loan | Collection code | Permanent Location | Current Location | Shelving location | Date acquired | Total Checkouts | Full call number | Date last seen | Copy number | Koha item type |
|---|---|---|---|---|---|---|---|---|---|---|---|---|---|
| Dewey Decimal Classification | Not For Loan | Non-fiction | Central Library, University of Rajshahi | Central Library, University of Rajshahi | Reading Room | 23/04/2014 | 149.8 MAW 1902 | 23/04/2014 | C-1 | Books |